Memorias de la Real Academia de la Historia
I tiakina i:
| Kaituhi rangatōpū: | |
|---|---|
| Hōputu: | Pukapuka |
| Reo: | Hīperu Rātini Ārapi Pāniora |
| I whakaputaina: |
Madrid
Imprenta de Sancha
1796
|
| Putanga: | 1a. ed |
| Ngā marau: | |
| Ngā Tūtohu: |
Tāpirihia he Tūtohu
Kāore He Tūtohu, Me noho koe te mea tuatahi ki te tūtohu i tēnei pūkete!
|
MARC
| LEADER | 00000nam a2200000 a 4500 | ||
|---|---|---|---|
| 001 | UCJ6707 | ||
| 003 | CL-VaPUC | ||
| 005 | 20250228103144.0 | ||
| 008 | 070124e17960000SP |||||||||||||||||heb|d | ||
| 999 | |c 322809 |d 322807 | ||
| 040 | |c Pontificia Universidad Católica de Valparaíso | ||
| 041 | 0 | 7 | |a heb |2 CL-VaPUC |
| 041 | 0 | 7 | |a lat |2 CL-VaPUC |
| 041 | 0 | 7 | |a ara |2 CL-VaPUC |
| 041 | 0 | 7 | |a spa |2 CL-VaPUC |
| 082 | 0 | 4 | |a 090 |b REA |2 21 |
| 110 | 2 | |a Real Academia de la Historia |e author |9 513903 | |
| 245 | 1 | 0 | |a Memorias de la Real Academia de la Historia |
| 250 | |a 1a. ed | ||
| 260 | |a Madrid |b Imprenta de Sancha |c 1796 | ||
| 300 | |a 7 v | ||
| 500 | |a 4§, pasta española.- Anteport.- v. en b.- Port.- v. en b.- vols. I y III, ilus. sin indizar.- Vol. VI, p.1, retrato de Isabel La Católica; Vol. 7, p. 1, retrato de Benito Arias Montano.- Advierte errata. Ex libris de D. Urbano Rojas, cuya biblioteca se vendió en martillo adjudicándose UCV varios títulos | ||
| 583 | |a last modification |c 20120606 03:02:31 |k Rodrigo Vera | ||
| 600 | 0 | |a Luzán, Ignacio de, |d 1702-1754 |9 861328 | |
| 600 | 0 | 7 | |a ULLOA, MARTIN DE |2 CL-VaPUC |9 513905 |
| 600 | 0 | 7 | |a ATAULFO |2 CL-VaPUC |9 513906 |
| 600 | 0 | 7 | |a ISABEL LA CATOLICA |2 CL-VaPUC |9 513907 |
| 600 | 0 | 7 | |a ARIAS MONTANO, BENITO |2 CL-VaPUC |9 513908 |
| 650 | 7 | |a MEMORIAS |2 CL-VaPUC |9 269159 | |
| 650 | 0 | |a Sociedades |9 259052 | |
| 650 | 0 | |a Investigación científica |9 259857 | |
| 650 | 7 | |a BIBLIOGRAFIA |2 CL-VaPUC |9 256175 | |
| 650 | 0 | |a Mitología |9 255719 | |
| 650 | 0 | |a Visigodos |9 440897 | |
| 650 | 0 | |a Edad media |9 258041 | |
| 650 | 7 | |a MONARCAS ESPAÑOLES |2 CL-VaPUC |9 513909 | |
| 650 | 0 | |a Arqueología |9 265619 | |
| 650 | 0 | |a Ilustraciones |9 369481 | |
| 650 | 0 | |a Cronología |9 268356 | |
| 650 | 0 | |a Sagradas escrituras |9 349657 | |
| 650 | 0 | |a Iglesia Católica |9 256114 | |
| 650 | 0 | |a Concilios |9 315984 | |
| 650 | 0 | |a Genealogía |9 255285 | |
| 650 | 7 | |a CRONICAS |2 CL-VaPUC |9 336724 | |
| 650 | 0 | |a Iconografía |9 267998 | |
| 650 | 0 | |a Numismática |9 318332 | |
| 651 | 0 | |a España |9 254926 | |
| 942 | |c BK |2 ddc | ||
| 945 | |d 20070124 00:00:00 |a rinostro | ||
| 952 | |0 0 |1 0 |4 0 |6 090_000000000000000_REA_1796 |7 0 |8 X |9 401893 |a FDOBUD |b FDOBUD |d 2019-11-22 |h v.1 |i 1051504 |o 090 REA 1796 |p 1051504 |r 2019-11-22 |w 2019-11-22 |y BK_X |k BUD | ||
| 952 | |0 0 |1 0 |4 0 |6 090_000000000000000_REA_1796 |7 0 |8 X |9 401894 |a FDOBUD |b FDOBUD |d 2019-11-22 |h v.2 |i 1051512 |o 090 REA 1796 |p 1051512 |r 2019-11-22 |w 2019-11-22 |y BK_X |k BUD | ||
| 952 | |0 0 |1 0 |4 0 |6 090_000000000000000_REA_1796 |7 0 |8 X |9 401895 |a FDOBUD |b FDOBUD |d 2019-11-22 |h v.3 |i 1051520 |o 090 REA 1796 |p 1051520 |r 2019-11-22 |w 2019-11-22 |y BK_X |k BUD | ||
| 952 | |0 0 |1 0 |4 0 |6 090_000000000000000_REA_1796 |7 0 |8 X |9 401896 |a FDOBUD |b FDOBUD |d 2019-11-22 |h v.4 |i 1051539 |o 090 REA 1796 |p 1051539 |r 2019-11-22 |w 2019-11-22 |y BK_X |k BUD | ||
| 952 | |0 0 |1 0 |4 0 |6 090_000000000000000_REA_1796 |7 0 |8 X |9 401897 |a FDOBUD |b FDOBUD |d 2019-11-22 |h v.5 |i 105175K |o 090 REA 1796 |p 105175K |r 2019-11-22 |w 2019-11-22 |y BK_X |k BUD | ||
| 952 | |0 0 |1 0 |4 0 |6 090_000000000000000_REA_1796 |7 0 |8 X |9 401898 |a FDOBUD |b FDOBUD |d 2019-11-22 |h v.6 |i 1051768 |o 090 REA 1796 |p 1051768 |r 2019-11-22 |w 2019-11-22 |y BK_X |k BUD | ||
| 952 | |0 0 |1 0 |4 0 |6 090_000000000000000_REA_1796 |7 0 |8 X |9 401899 |a FDOBUD |b FDOBUD |d 2019-11-22 |h v.7 |i 1051776 |o 090 REA 1796 |p 1051776 |r 2019-11-22 |w 2019-11-22 |y BK_X |k BUD | ||